00208 a2200109 4500001000700000020000600007040001100013100000600024240003200030245002700062362000900089158362 a  cMagnum a-10aEnciclopedia barsa/v.8lpor10aEnciclopedia barsa/v.80 a1899